[Event "Litomysl op 20th"]
[Site "Litomysl"]
[Date "2018.12.29"]
[Round "6"]
[White "Dzikowski, Michal"]
[Black "Tioka, Zdenek"]
[Result "1-0"]
[WhiteElo "2140"]
[BlackElo "1914"]
[PlyCount "69"]
[EventDate "2018.12.26"]
[EventType "swiss"]
[EventRounds "9"]
[EventCountry "CZE"]
[SourceTitle "CBM 188 Extra"]
[Source "ChessBase"]
[SourceDate "2019.02.26"]
[SourceVersion "1"]
[SourceVersionDate "2019.02.26"]
[SourceQuality "1"]

1. d4 Nf6 2. c4 g6 3. Nf3 Bg7 4. g3 0-0 5. Bg2 d6 6. Nc3 c6 7. 0-0 Nbd7 8. h3 e5 9. e4 Qe7 10. Re1 h6 11. Be3 Kh7 12. Rc1 a5 13. a3 Ne8 14. Qc2 b6 15. b4 Nc7 16. b5 c5 17. dxe5 Nxe5 18. Nd2 Bb7 19. f4 Nd7 20. Nd5 Bxd5 21. exd5 Qd8 22. f5 Nf6 23. fxg6+ fxg6 24. Nf3 Nd7 25. Nh4 Ne5 26. Be4 Qe8 27. Bf4 Kg8 28. Bxg6 Qd8 29. Bh7+ Kh8 30. Bxe5 dxe5 31. Ng6+ Kxh7 32. Nxf8+ Kg8 33. Qh7+ Kxf8 34. Rf1+ Bf6 35. Rxf6+ 1-0